000 01450nam a2200337Ia 4500
001 ebr10419826
003 CaPaEBR
006 m u
007 cr cn|||||||||
008 100524s2010 maua sb 001 0 eng d
010 _z 2010021648
020 _z9789004187269 (hardback : alk. paper)
040 _aCaPaEBR
_cCaPaEBR
035 _a(OCoLC)668232166
050 1 4 _aKD8286
_b.S34 2010eb
082 0 4 _a347.42/05
_222
100 1 _aScheffer, Thomas.
245 1 0 _aAdversarial case-making
_h[electronic resource] :
_ban ethnography of English Crown Court procedure /
_cby Thomas Scheffer.
260 _aDanvers, MA :
_bBrill,
_c2010.
300 _axlii, 283 p. :
_bill.
490 1 _aInternational studies in sociology and social anthropology
504 _aIncludes bibliographical references and index.
533 _aElectronic reproduction.
_bPalo Alto, Calif. :
_cebrary,
_d2011.
_nAvailable via World Wide Web.
_nAccess may be limited to ebrary affiliated libraries.
610 1 0 _aGreat Britain.
_bCrown Court
_xSociological aspects.
650 0 _aCriminal courts
_xSocial aspects
_zEngland.
650 0 _aCriminal procedure
_xSocial aspects
_zEngland.
655 7 _aElectronic books.
_2local
710 2 _aebrary, Inc.
830 0 _aInternational studies in sociology and social anthropology.
856 4 0 _uhttp://site.ebrary.com/lib/rucke/Doc?id=10419826
_zAn electronic book accessible through the World Wide Web; click to view
999 _c83191
_d83191